[Event "GER-chT U14 Girls"]
[Site "Duesseldorf"]
[Date "2016.12.29"]
[Round "5.4"]
[White "Paulweber, Lara Maria"]
[Black "Zhou, Lepu Coco"]
[Result "1/2-1/2"]
[WhiteElo "1324"]
[BlackElo "1266"]
[PlyCount "119"]
[EventDate "2016.12.27"]
[EventType "team-swiss"]
[EventRounds "7"]
[EventCountry "GER"]
[SourceTitle "EXT 2018"]
[Source "ChessBase"]
[SourceDate "2017.10.13"]
[SourceVersion "1"]
[SourceVersionDate "2017.10.13"]
[SourceQuality "1"]
[WhiteTeam "Duesseldorf SK"]
[BlackTeam "Berlin Schachpinguine"]
[WhiteTeamCountry "GER"]
[BlackTeamCountry "GER"]

1. e4 e5 2. Nf3 Nc6 3. d4 exd4 4. Nxd4 Nf6 5. Nc3 Bb4 6. Nxc6 bxc6 7. Bd3 d5 8. exd5 cxd5 9. 0-0 0-0 10. Bg5 c6 11. Na4 Be6 12. c3 Bd6 13. b4 Rb8 14. Bc2 g6 15. Qd4 Be7 16. Qxa7 Qd6 17. Qd4 Qd8 18. Nc5 Ne4 19. Bh6 Bf6 20. Nxe6 fxe6 21. Qe3 Bg5 22. Bxg5 Nxg5 23. f4 Ne4 24. Bxe4 dxe4 25. Qxe4 Qb6+ 26. Kh1 Rfe8 27. Qc4 Rbd8 28. Rad1 Rxd1 29. Rxd1 Kf8 30. Qd4 Qxd4 31. Rxd4 Ra8 32. Rd2 Ra3 33. Rc2 Ke7 34. Kg1 Kd6 35. Kf2 Kd5 36. Ke3 e5 37. fxe5 Kxe5 38. Kd3 Kd5 39. Rd2 Ke5 40. Re2+ Kd5 41. g3 c5 42. bxc5 Kxc5 43. Rc2 Kd5 44. Kd2 Kc4 45. Kc1 Ra5 46. Kb1 Rb5+ 47. Rb2 Rh5 48. a4 Kxc3 49. Ra2 Rf5 50. Rb2 Ra5 51. Rc2+ Kb3 52. Rb2+ Kxa4 53. Ra2+ Kb5 54. Rxa5+ Kxa5 55. Kc2 Kb5 56. Kd3 Kc5 57. Ke4 Kd6 58. Kf4 h6 59. g4 Ke6 60. h4 1/2-1/2

[Event "GER-chT U14 Girls"]
[Site "Duesseldorf"]
[Date "2016.12.28"]
[Round "3.4"]
[White "Paulweber, Lara Maria"]
[Black "Fege, Astrid"]
[Result "1-0"]
[WhiteElo "1324"]
[BlackElo "1330"]
[PlyCount "35"]
[EventDate "2016.12.27"]
[EventType "team-swiss"]
[EventRounds "7"]
[EventCountry "GER"]
[SourceTitle "EXT 2018"]
[Source "ChessBase"]
[SourceDate "2017.10.13"]
[SourceVersion "1"]
[SourceVersionDate "2017.10.13"]
[SourceQuality "1"]
[WhiteTeam "Duesseldorf SK"]
[BlackTeam "Leipzig SG"]
[WhiteTeamCountry "GER"]
[BlackTeamCountry "GER"]

1. e4 c5 2. Nc3 d6 3. f4 Nf6 4. Nf3 g6 5. Bc4 Bg7 6. d3 0-0 7. 0-0 Nc6 8. Qe1 b6 9. f5 Na5 10. Qh4 Nxc4 11. dxc4 gxf5 12. Bh6 fxe4 13. Ng5 Bf5 14. Rxf5 e6 15. Bxg7 exf5 16. Bxf6 h5 17. Qxh5 Qxf6 18. Qh7# 1-0

[Event "GER-chT Lands U20"]
[Site "Hannover"]
[Date "2014.10.04"]
[Round "3.8"]
[White "Paulweber, Lara Maria"]
[Black "Moenster, Madita"]
[Result "1-0"]
[WhiteElo "1431"]
[BlackElo "1646"]
[PlyCount "79"]
[EventDate "2014.10.03"]
[EventType "team-swiss"]
[EventRounds "7"]
[EventCountry "GER"]
[SourceTitle "CBM 162 Extra"]
[Source "ChessBase"]
[SourceDate "2014.10.17"]
[SourceVersion "1"]
[SourceVersionDate "2014.10.17"]
[SourceQuality "1"]
[WhiteTeam "Nordrhein Westfalen"]
[BlackTeam "Niedersachsen"]
[WhiteTeamCountry "GER"]
[BlackTeamCountry "GER"]

1. d4 Nf6 2. Bf4 e6 3. e3 c5 4. Nf3 d5 5. c3 Bd6 6. Bxd6 Qxd6 7. Bd3 Nc6 8. Nbd2 0-0 9. 0-0 Rd8 10. Qe2 Qe7 11. Rfe1 Rb8 12. Rad1 b6 13. Bc2 cxd4 14. cxd4 Nb4 15. Nb3 Nxc2 16. Qxc2 Bb7 17. Qd2 Ne4 18. Qd3 Rbc8 19. Rc1 Nd6 20. Nbd2 Rc7 21. Nb1 Rdc8 22. Nc3 Ne4 23. Re2 Rc4 24. Rec2 Ba6 25. Qd1 Qc7 26. Qe1 Rc6 27. Ne5 Nxc3 28. Nxc6 Qxc6 29. Rxc3 Qd7 30. Rxc8+ Bxc8 31. Rc3 Ba6 32. Qc1 h6 33. Rc7 Qd6 34. Rxa7 Bc4 35. b3 Qb8 36. Qa3 Ba6 37. Qxa6 Qd6 38. Qb7 Kh7 39. Qxf7 Qb4 40. Qxg7# 1-0

[Event "GER-chT Lands U20"]
[Site "Hannover"]
[Date "2014.10.04"]
[Round "2.8"]
[White "Paulweber, Lara Maria"]
[Black "Wolterink, Jule"]
[Result "1-0"]
[WhiteElo "1431"]
[BlackElo "1003"]
[PlyCount "151"]
[EventDate "2014.10.03"]
[EventType "team-swiss"]
[EventRounds "7"]
[EventCountry "GER"]
[SourceTitle "CBM 162 Extra"]
[Source "ChessBase"]
[SourceDate "2014.10.17"]
[SourceVersion "1"]
[SourceVersionDate "2014.10.17"]
[SourceQuality "1"]
[WhiteTeam "Nordrhein Westfalen"]
[BlackTeam "Team Nord"]
[WhiteTeamCountry "GER"]
[BlackTeamCountry "GER"]

1. d4 d5 2. Bf4 Nf6 3. e3 c5 4. c3 Bf5 5. Bd3 Bxd3 6. Qxd3 e6 7. Nf3 Qb6 8. Qc2 Be7 9. Nbd2 Nc6 10. Ne5 0-0 11. Ndf3 Rac8 12. Bg5 Rfd8 13. 0-0 cxd4 14. exd4 Re8 15. Bxf6 Bxf6 16. Nd7 Qd8 17. Nxf6+ Qxf6 18. Rfe1 e5 19. dxe5 Nxe5 20. Nxe5 Rxe5 21. Qd2 Rce8 22. Rad1 Qd6 23. h3 Qe6 24. Rxe5 Qxe5 25. Qxd5 Qe7 26. Qd7 Qe4 27. Qd8 h6 28. Qd2 Qe5 29. Qd5 Qe7 30. Kh1 Kh8 31. f3 Kh7 32. Rd4 Qe1+ 33. Kh2 Re5 34. Qxb7 Rg5 35. Qe4+ Qxe4 36. Rxe4 Kg8 37. Ra4 Rb5 38. b4 Rb7 39. c4 Rc7 40. b5 Rb7 41. Rb4 Rc7 42. a4 Kf8 43. a5 Ke7 44. Kg3 Kd6 45. b6 axb6 46. Rxb6+ Kc5 47. Rb2 Ra7 48. Kf4 Rxa5 49. Rb7 g5+ 50. Kg4 f5+ 51. Kxf5 Kxc4+ 52. Kg6 Ra6+ 53. Kh5 Ra2 54. g4 Rh2 55. Kxh6 Rxh3+ 56. Kxg5 Rxf3 57. Re7 Kd5 58. Kh4 Kd6 59. Re1 Rf6 60. Kh5 Kd7 61. g5 Rf5 62. Kh6 Rb5 63. g6 Rb6 64. Kh7 Kd6 65. g7 Rb7 66. Kh8 Rb8+ 67. g8Q Rxg8+ 68. Kxg8 Kd5 69. Re7 Kd6 70. Kf7 Kd5 71. Re6 Kd4 72. Kf6 Kd5 73. Kf5 Kd4 74. Re5 Kd3 75. Re4 Kc3 76. Ke5 1-0

[Event "GER-chT Lands U20"]
[Site "Hannover"]
[Date "2014.10.03"]
[Round "1.8"]
[White "Michna, Masza"]
[Black "Paulweber, Lara Maria"]
[Result "1-0"]
[WhiteElo "1347"]
[BlackElo "1431"]
[PlyCount "53"]
[EventDate "2014.10.03"]
[EventType "team-swiss"]
[EventRounds "7"]
[EventCountry "GER"]
[SourceTitle "CBM 162 Extra"]
[Source "ChessBase"]
[SourceDate "2014.10.17"]
[SourceVersion "1"]
[SourceVersionDate "2014.10.17"]
[SourceQuality "1"]
[WhiteTeam "Hamburg"]
[BlackTeam "Nordrhein Westfalen"]
[WhiteTeamCountry "GER"]
[BlackTeamCountry "GER"]

1. f4 e6 2. Nf3 d5 3. e3 Nf6 4. b3 c5 5. Bb2 Nc6 6. Be2 g6 7. 0-0 Bg7 8. Ne5 Qc7 9. d3 0-0 10. Qe1 Nd7 11. d4 Ncxe5 12. dxe5 f6 13. exf6 Bxf6 14. c3 Nb8 15. Nd2 Nc6 16. e4 dxe4 17. Nxe4 Bg7 18. Nxc5 Rxf4 19. Rxf4 Qxf4 20. Bc4 Be5 21. g3 Qf6 22. Qd2 b6 23. Nd7 Bxd7 24. Qxd7 Nd8 25. Rf1 Qg7 26. Qe8+ Qf8 27. Qxf8# 1-0

[Event "GER-ch U12"]
[Site "Magdeburg"]
[Date "2014.06.13"]
[Round "9"]
[White "Mantel, Ruben"]
[Black "Paulweber, Lara Maria"]
[Result "1-0"]
[WhiteElo "1699"]
[BlackElo "1386"]
[PlyCount "81"]
[EventDate "2014.06.08"]
[EventType "swiss"]
[EventRounds "11"]
[EventCountry "GER"]
[SourceTitle "CBM 160 Extra"]
[Source "ChessBase"]
[SourceDate "2014.07.01"]
[SourceVersion "1"]
[SourceVersionDate "2014.07.01"]
[SourceQuality "1"]

1. c4 e6 2. Nc3 d5 3. e3 Bb4 4. Nf3 c5 5. d4 cxd4 6. exd4 Nf6 7. Bg5 Nbd7 8. Bd3 h6 9. Bh4 0-0 10. 0-0 Bxc3 11. bxc3 b6 12. Re1 Qc7 13. cxd5 Nxd5 14. c4 N5f6 15. Ne5 Nxe5 16. dxe5 Nd7 17. Qe2 Nc5 18. Bc2 Nd7 19. Qe4 g6 20. Qxa8 Bb7 21. Qxa7 Ra8 22. Qxb7 Qxb7 23. Be4 Qb8 24. Bxa8 Qxa8 25. Red1 Qc8 26. Rd6 Kg7 27. Rad1 Qxc4 28. R6d4 Qxa2 29. Rxd7 g5 30. Bg3 Qc2 31. h4 b5 32. R1d4 Qb1+ 33. Kh2 Kg6 34. h5+ Kxh5 35. Rxf7 b4 36. Rf6 b3 37. f3 b2 38. Bf2 g4 39. fxg4+ Kg5 40. Be3+ Kh4 41. Rxh6# 1-0

[Event "GER-ch U12"]
[Site "Magdeburg"]
[Date "2014.06.08"]
[Round "1"]
[White "Moenster, Madita"]
[Black "Paulweber, Lara Maria"]
[Result "1-0"]
[WhiteElo "1705"]
[BlackElo "1386"]
[PlyCount "87"]
[EventDate "2014.06.08"]
[EventType "swiss"]
[EventRounds "11"]
[EventCountry "GER"]
[SourceTitle "CBM 160 Extra"]
[Source "ChessBase"]
[SourceDate "2014.07.01"]
[SourceVersion "1"]
[SourceVersionDate "2014.07.01"]
[SourceQuality "1"]

1. e4 e6 2. d4 d5 3. Nc3 Bb4 4. Bd3 c5 5. exd5 exd5 6. dxc5 Bxc5 7. Bb5+ Bd7 8. Bxd7+ Qxd7 9. Qxd5 Qe7+ 10. Qe4 Nc6 11. Qxe7+ Ngxe7 12. Nf3 0-0 13. 0-0 Rad8 14. Bd2 Ne5 15. Nxe5 Rxd2 16. Ne4 Bxf2+ 17. Rxf2 Rd4 18. Nc3 Ng6 19. Nxg6 fxg6 20. Rxf8+ Kxf8 21. Rd1 Rxd1+ 22. Nxd1 Ke7 23. Kf2 Kd6 24. Nc3 Kc5 25. Ke3 Kc6 26. Kd4 Kb6 27. Nd5+ Kc6 28. c4 g5 29. b4 h5 30. a4 g4 31. b5+ Kd7 32. g3 Ke6 33. Nf4+ Kf7 34. Nxh5 g5 35. a5 Kg6 36. c5 Kxh5 37. c6 bxc6 38. bxc6 Kg6 39. c7 Kf5 40. c8Q+ Kf6 41. Ke4 Kg6 42. Qe6+ Kh5 43. Qg8 a6 44. Qh7# 1-0

[Event "BL2 West 1213 (Women)"]
[Site "Germany"]
[Date "2013.01.20"]
[Round "5.6"]
[White "Paulweber, Lara Maria"]
[Black "Schmidt, Renate"]
[Result "0-1"]
[WhiteElo "1078"]
[BlackElo "1631"]
[PlyCount "156"]
[EventDate "2012.10.06"]
[EventType "team-tourn"]
[EventRounds "7"]
[EventCountry "GER"]
[SourceTitle "EXT 2018"]
[Source "ChessBase"]
[SourceDate "2017.10.13"]
[SourceVersion "1"]
[SourceVersionDate "2017.10.13"]
[SourceQuality "1"]
[WhiteTeam "Muelheim Nord (W) II"]
[BlackTeam "Krefeld Turm (W)"]
[WhiteTeamCountry "GER"]
[BlackTeamCountry "GER"]

1. d4 d5 2. Bf4 Nf6 3. e3 Bf5 4. Nf3 Nbd7 5. Bd3 Bxd3 6. Qxd3 c6 7. c3 e6 8. Nbd2 Be7 9. 0-0 0-0 10. Qc2 Nh5 11. Be5 Nxe5 12. Nxe5 Nf6 13. Rfe1 Qc7 14. Rad1 c5 15. Rc1 Rac8 16. Qd1 Bd6 17. Nef3 Rfd8 18. a3 b5 19. dxc5 Bxc5 20. Qc2 Bd6 21. g3 a5 22. Qd1 Qb6 23. e4 dxe4 24. Nxe4 Nxe4 25. Rxe4 Bf4 26. Qc2 Bxc1 27. Qxc1 Rd5 28. Re1 Rcd8 29. Qc2 Qd6 30. Rf1 Rd1 31. Kg2 Rxf1 32. Kxf1 Qd1+ 33. Qxd1 Rxd1+ 34. Ke2 Rb1 35. b4 axb4 36. axb4 Rb2+ 37. Nd2 Kf8 38. Kd3 f5 39. f4 Ke7 40. h4 Kd6 41. Ke3 Kd5 42. Kd3 g6 43. Ke3 e5 44. fxe5 Kxe5 45. Kd3 Kd5 46. Ke3 h6 47. Kd3 g5 48. hxg5 hxg5 49. Ke3 Rxd2 50. Kxd2 Kc4 51. Kc2 f4 52. gxf4 gxf4 53. Kd2 f3 54. Ke3 Kxc3 55. Kxf3 Kxb4 56. Ke2 Kc3 57. Kd1 Kb2 58. Kd2 b4 59. Kd1 b3 60. Kd2 Ka2 61. Ke3 b2 62. Ke4 b1Q+ 63. Kd4 Qf5 64. Ke3 Qg4 65. Kd3 Qe6 66. Kd4 Qf5 67. Ke3 Qg4 68. Kf2 Qh3 69. Ke2 Kb2 70. Kd2 Kb3 71. Ke2 Kc3 72. Kf2 Kd3 73. Kg1 Kd2 74. Kf2 Qe3+ 75. Kg2 Ke2 76. Kh2 Qg5 77. Kh3 Kf2 78. Kh2 Qh5# 0-1